000
00296cam a22000977a 4500
008
180718b xxu||||| |||| 00| 0 eng d
100
_a
The World Bank
245
_a
Sustaining and sharing economic growth in Tanzania
_c
edited by Robert J. Utz
260
_a
Washington, D.C.
_b
_c
700
_a
Utz, Robert J.
999
_c
287291
_d
287291